000 01357nam a2200349 i 4500
001 000004647
003 DO-SdBNP
005 20260310140125.0
007 ta
008 090724s2007 bl b 000 0 por d
020 _a9788576171348
040 _aDO-SdBNP
_bspa
_cBNPHU
_erda
041 _aspa
049 _aBNPD
082 4 _a869.8996657
_bA919d
_222
100 1 _aAugel, Moema Parente,
_d1939-
_eautor
_4aut.
_913563
245 1 0 _aO desafio do escombro :
_bnacão, identidades e pós-colonialismo na literatura da Guiné-Bissau /
_cMoema Parente Augel ; prefacio, Carmen Lucia Tindó Ribeiro Secco.
264 1 _aRio de Janeiro :
_bGaramond,
_c2007.
300 _a422 páginas :
_bmapas ;
_c23 cm.
336 _atexto
_btxt
_2rdacontent
337 _asin mediación
_bn
_2rdamedia
338 _avolumen
_bnc
_2rdacarrier
500 _aIncluye referencias bibliográficas y notas al pie de las páginas
504 _aBibliografía : páginas 377-404
650 4 _aLiteratura guineense
_xHistoria y crítica
_ySiglo XX
_913564
650 4 _aEscritores guineenses
_xCrítica y interpretación
_ySiglo XX
_913565
650 4 _aLiteratura y sociedad
_zGuinea Bissau
_913566
650 4 _aNacionalismo y sociedad
_913567
700 1 _aTindó Ribeiro Secco, Carmen Lucia,
_eprefacio
_913568
910 _aValidado. Control de calidad BNPHU
942 _2ddc
_cLBS1
999 _c4453
_d4453